| 000 | 00571nam a2200181Ia 4500 | ||
|---|---|---|---|
| 003 | GCL | ||
| 008 | 140319s9999 xx 000 0 ara d | ||
| 040 |
_aGCL / _cGCL |
||
| 082 | 0 | 4 |
_a230 _bم ا |
| 100 | 1 | _aمنصور على ناصف | |
| 245 | 1 | 0 |
_aالتاج الجامع للاصول فى أحاديث الرسول(ص) / _cمنصور على ناصف |
| 260 |
_a[S.N] : _bالمؤلف ، _c1961 |
||
| 300 | _a388ص | ||
| 490 |
_aالسلسلة الشعرية الثانية _v0 |
||
| 650 | 0 | 4 | _aالحديث |
| 650 | 0 | 4 | _aالسنة النبوية |
| 942 |
_2ddc _cBK |
||
| 999 |
_c27833 _d27833 |
||